[Event "Mercredi 2023.01.11 ABCD"]
[Site "Montreal CAN"]
[Date "2023.01.18"]
[Round "2"]
[White "Adam, Rafael"]
[Black "Rodrigue-Lemieux, Shawn"]
[Result "0-1"]
[WhiteElo "2179"]
[BlackElo "2510"]
[PlyCount "100"]
[EventDate "2023.01.11"]
[EventType "tourn"]
[EventRounds "5"]
[EventCountry "CAN"]

1. Nf3 d5 2. g3 Nc6 3. d4 Bf5 4. Bg2 Qd7 5. O-O Bh3 6. c4 Bxg2 7. Kxg2 e6 8.
Nc3 Bb4 9. Qb3 Bxc3 10. bxc3 b6 11. cxd5 exd5 12. c4 Na5 13. Qe3+ Ne7 14. cxd5
O-O 15. Qd3 f5 16. Bd2 Qxd5 17. Bxa5 Qxa5 18. Qc4+ Qd5 19. Qxc7 Nc6 20. Rac1
Rf6 21. Rc2 Re8 22. Qb7 h6 23. Rfc1 Ree6 24. Kg1 Rd6 25. Rd2 f4 26. Qc8+ Kh7
27. Qg4 Qe4 28. Qh4 Rd5 29. g4 Rg6 30. h3 Ne7 31. Kh2 Rgd6 32. g5 Nf5 33. Qg4
Nxd4 34. Nxd4 Rxg5 35. Qf3 Rxd4 36. Qxe4+ Rxe4 37. Rc7 a5 38. Rc6 b5 39. h4 Rg4
40. Kh3 Rxh4+ 41. Kxh4 f3+ 42. Kg3 fxe2 43. Rc1 e1=Q 44. Rxe1 Rxe1 45. Rd5 Rg1+
46. Kf4 Rg5 47. Rd6 Rc5 48. Ra6 Rc4+ 49. Kg3 Ra4 50. Rb6 b4 0-1

[Event "Mercredi 2023.01.11 ABCD"]
[Site "Montreal CAN"]
[Date "2023.01.25"]
[Round "3"]
[White "Rodrigue-Lemieux, Shawn"]
[Black "Tremblay, Alain"]
[Result "1-0"]
[WhiteElo "2510"]
[BlackElo "2151"]
[PlyCount "43"]
[EventDate "2023.01.11"]
[EventType "tourn"]
[EventRounds "5"]
[EventCountry "CAN"]

1. d4 d5 2. c4 e6 3. Nf3 Nf6 4. g3 Be7 5. Bg2 O-O 6. O-O Nbd7 7. Qc2 c5 8. Rd1
Qb6 9. cxd5 Nxd5 10. e4 Nb4 11. Qe2 cxd4 12. Nxd4 Qa6 13. Qxa6 Nxa6 14. Nc3
Ndc5 15. e5 Rd8 16. Be3 Bd7 17. a3 Nc7 18. Rac1 Rab8 19. b4 Na4 20. Nxa4 Bxa4
21. Rxc7 Bxd1 22. Rxe7 1-0

[Event "Mercredi 2023.01.11 ABCD"]
[Site "Montreal CAN"]
[Date "2023.02.01"]
[Round "4"]
[White "Voskanyan, Vahagn"]
[Black "Rodrigue-Lemieux, Shawn"]
[Result "0-1"]
[WhiteElo "2140"]
[BlackElo "2510"]
[PlyCount "72"]
[EventDate "2023.01.11"]
[EventType "tourn"]
[EventRounds "5"]
[EventCountry "CAN"]

1. d4 Nf6 2. c4 e6 3. Nf3 d5 4. Nc3 Bb4 5. a3 Bxc3+ 6. bxc3 c6 7. e3 O-O 8. Qc2
b6 9. cxd5 cxd5 10. Bd3 Ba6 11. Ne5 Bxd3 12. Qxd3 Nbd7 13. O-O Nxe5 14. dxe5
Nd7 15. f4 Nc5 16. Qe2 Rc8 17. f5 Qc7 18. Bb2 Ne4 19. c4 Qxc4 20. Qh5 g6 21.
Qh6 exf5 22. Rf4 f6 23. exf6 Rf7 24. Rc1 Qa6 25. Rcf1 Qe2 26. R4f2 Nxf2 27.
Rxf2 Qd1+ 28. Rf1 Qb3 29. Bd4 Qxa3 30. h4 Rc1 31. h5 Rxf1+ 32. Kxf1 Qc1+ 33.
Kf2 Qd2+ 34. Kg3 Qe1+ 35. Kh2 Qh4+ 36. Kg1 g5 0-1

[Event "Mercredi 2023.01.11 ABCD"]
[Site "Montreal CAN"]
[Date "2023.02.08"]
[Round "5"]
[White "Rodrigue-Lemieux, Shawn"]
[Black "Batorshyn, Ilia"]
[Result "1-0"]
[WhiteElo "2510"]
[BlackElo "2164"]
[PlyCount "77"]
[EventDate "2023.01.11"]
[EventType "tourn"]
[EventRounds "5"]
[EventCountry "CAN"]

1. d4 Nf6 2. c4 e6 3. Nf3 d5 4. g3 Be7 5. Bg2 O-O 6. O-O c6 7. Qc2 b6 8. Nbd2
Bb7 9. e4 Nbd7 10. e5 Ne8 11. cxd5 cxd5 12. Re1 Rc8 13. Qd1 Qc7 14. Nb1 b5 15.
a3 a5 16. Bf1 b4 17. Bd3 Nb6 18. a4 Qd7 19. b3 Nc7 20. Bf4 Ba6 21. Bc2 Ne8 22.
h4 g6 23. h5 Ng7 24. h6 Nf5 25. Ra2 Qd8 26. Qd2 Bb7 27. g4 Nh4 28. Nxh4 Bxh4
29. g5 Nc4 30. Qc1 Na3 31. Nxa3 bxa3 32. Qd2 Rc6 33. Kg2 Qb6 34. Rh1 Rfc8 35.
Rxh4 Qb4 36. Bd1 Rc1 37. Qxb4 axb4 38. Bxc1 Rxc1 39. Rh1 1-0

[Event "Etoiles montantes 4"]
[Site "Montreal CAN"]
[Date "2023.01.07"]
[Round "1.1"]
[White "Rodrigue-Lemieux, Shawn"]
[Black "Yan, Alex Jikai"]
[Result "1-0"]
[WhiteElo "2455"]
[BlackElo "1685"]
[PlyCount "63"]
[EventDate "2023.01.07"]
[EventType "swiss"]
[EventRounds "5"]
[EventCountry "CAN"]

1. a3 g6 2. d4 Bg7 3. Nf3 Nf6 4. c4 d6 5. Nc3 O-O 6. e3 Nbd7 7. Be2 e5 8. O-O
c6 9. Qc2 Re8 10. b4 Nf8 11. dxe5 dxe5 12. Bb2 Bg4 13. h3 Bxf3 14. Bxf3 Qe7 15.
c5 e4 16. Be2 Nd5 17. Nxd5 cxd5 18. Bxg7 Kxg7 19. Rad1 Red8 20. Rd2 Ne6 21.
Rfd1 Nc7 22. Qa2 Rd7 23. Bc4 Rad8 24. Bxd5 Nxd5 25. Rxd5 Qe6 26. Qb2+ f6 27.
Rxd7+ Rxd7 28. Rxd7+ Qxd7 29. Qd4 Qc6 30. Qd8 f5 31. Qe7+ Kg8 32. Kh2 1-0

[Event "Etoiles montantes 4"]
[Site "Montreal CAN"]
[Date "2023.01.07"]
[Round "2.1"]
[White "Saha, Ananda"]
[Black "Rodrigue-Lemieux, Shawn"]
[Result "1/2-1/2"]
[WhiteElo "2032"]
[BlackElo "2455"]
[PlyCount "72"]
[EventDate "2023.01.07"]
[EventType "swiss"]
[EventRounds "5"]
[EventCountry "CAN"]

1. d4 Nf6 2. Bg5 e6 3. Nd2 d5 4. e3 c5 5. c3 Nbd7 6. f4 Bd6 7. Ngf3 h6 8. Bh4
Qb6 9. Qb3 c4 10. Qc2 Ng4 11. Bf2 Nxf2 12. Kxf2 Qc6 13. g3 b5 14. Bg2 Bb7 15.
Rhe1 f5 16. Kg1 a5 17. Ne5 Nxe5 18. dxe5 Bc5 19. Nf3 Qb6 20. Nd4 Bxd4 21. exd4
b4 22. g4 g6 23. Kh1 O-O-O 24. b3 Rh7 25. cxb4 axb4 26. bxc4 dxc4 27. d5 Bxd5
28. Bxd5 Rxd5 29. Qxc4+ Rc7 30. Qe2 Rc3 31. gxf5 Qc6 32. fxg6 Rd2+ 33. Qe4
Qxe4+ 34. Rxe4 Rcc2 35. Rxb4 Rxh2+ 36. Kg1 Rhg2+ 1/2-1/2

[Event "Etoiles montantes 4"]
[Site "Montreal CAN"]
[Date "2023.01.08"]
[Round "3.5"]
[White "Rodrigue-Lemieux, Shawn"]
[Black "Deboosere, Adam"]
[Result "1-0"]
[WhiteElo "2455"]
[BlackElo "1709"]
[PlyCount "65"]
[EventDate "2023.01.07"]
[EventType "swiss"]
[EventRounds "5"]
[EventCountry "CAN"]

1. e4 c6 2. Nf3 d5 3. d3 Qc7 4. Nc3 Nf6 5. e5 Nfd7 6. d4 e6 7. Ne2 c5 8. c3 Nc6
9. Be3 b5 10. Nf4 Rb8 11. Bd3 c4 12. Bc2 h6 13. O-O b4 14. Nd2 Qa5 15. Qh5 Nd8
16. Ng6 Rg8 17. Nxf8 Nxf8 18. cxb4 Qxb4 19. Qg4 Ng6 20. Bxg6 fxg6 21. Qxg6+ Kf8
22. Rac1 Qe7 23. b3 Ba6 24. bxc4 Qf7 25. Qd3 Qe7 26. Rfe1 Nc6 27. Qh7 dxc4 28.
Ne4 Nb4 29. d5 Nd3 30. Bc5 Nxc5 31. d6 Qb7 32. Nxc5 Qb5 33. Nxe6+ 1-0

[Event "Etoiles montantes 4"]
[Site "Montreal CAN"]
[Date "2023.01.08"]
[Round "4.4"]
[White "Bassel, Charaf"]
[Black "Rodrigue-Lemieux, Shawn"]
[Result "0-1"]
[WhiteElo "2006"]
[BlackElo "2455"]
[PlyCount "76"]
[EventDate "2023.01.07"]
[EventType "swiss"]
[EventRounds "5"]
[EventCountry "CAN"]

1. b3 Nf6 2. Bb2 g6 3. Bxf6 exf6 4. c4 d5 5. cxd5 Qxd5 6. Nc3 Qa5 7. e3 c6 8.
a3 Bg7 9. b4 Qc7 10. Rc1 O-O 11. d4 f5 12. Nge2 Qe7 13. g3 a5 14. Qa4 b5 15.
Qb3 Be6 16. Qb2 axb4 17. axb4 Na6 18. Rb1 Bc4 19. Bg2 Bd3 20. Bxc6 Rac8 21.
Bxb5 Bxb5 22. Nxb5 Qb7 23. O-O Qxb5 24. Nc3 Qxb4 25. Qxb4 Nxb4 26. Rxb4 Rxc3
27. Rb7 Rfc8 28. h4 h5 29. Rb2 Bf6 30. Ra1 f4 31. Ra6 Kg7 32. exf4 Rxg3+ 33.
fxg3 Bxd4+ 34. Kg2 Bxb2 35. Rb6 Rc2+ 36. Kf3 Bd4 37. Rd6 Bc5 38. Rc6 f5 0-1

[Event "North America-ch U20"]
[Site "Mexico City MEX"]
[Date "2022.12.05"]
[Round "7.1"]
[White "Rodrigue-Lemieux, Shawn"]
[Black "Vidyarthi, Vyom"]
[Result "0-1"]
[WhiteElo "2463"]
[BlackElo "2402"]
[PlyCount "68"]
[EventDate "2022.12.02"]
[EventType "swiss"]
[EventRounds "9"]
[EventCountry "MEX"]
[Source "Mark Crowther"]
[SourceDate "2022.12.12"]

1. e4 e5 2. Nf3 Nc6 3. Bc4 Bc5 4. c3 Nf6 5. d4 exd4 6. e5 d5 7. Bb5 Ne4 8. cxd4
Bb6 9. Nc3 O-O 10. Be3 f5 11. exf6 Nxc3 12. bxc3 Qxf6 13. O-O Bg4 14. Be2 Rae8
15. h3 Bf5 16. a4 Na5 17. Ne5 Qh4 18. Bd3 c6 19. Bxf5 Rxf5 20. f4 Nc4 21. Qd3
Nxe3 22. Qxe3 g5 23. Qd3 Rxf4 24. Ng4 Kg7 25. g3 Qxh3 26. Nf2 Rxf2 27. Rxf2 Bc7
28. Rf3 Re4 29. Raf1 Bd6 30. Rf7+ Kg8 31. R1f3 Re1+ 32. Kf2 Ra1 33. Ke2 Qh2+
34. Rf2 Ra2+ 0-1

[Event "North America-ch U20"]
[Site "Mexico City MEX"]
[Date "2022.12.05"]
[Round "8.1"]
[White "Stearman, Josiah"]
[Black "Rodrigue-Lemieux, Shawn"]
[Result "1-0"]
[WhiteElo "2386"]
[BlackElo "2463"]
[PlyCount "69"]
[EventDate "2022.12.02"]
[EventType "swiss"]
[EventRounds "9"]
[EventCountry "MEX"]
[Source "Mark Crowther"]
[SourceDate "2022.12.12"]

1. c4 Nf6 2. Nc3 e6 3. e4 d5 4. e5 d4 5. exf6 dxc3 6. bxc3 Qxf6 7. Nf3 e5 8.
Bd3 Bd6 9. Be4 O-O 10. O-O c6 11. Rb1 Qd8 12. c5 Bxc5 13. Nxe5 Nd7 14. Nxd7
Qxd7 15. d4 Bd6 16. c4 Qc7 17. g3 Re8 18. Qf3 Qa5 19. c5 Bf8 20. Bc2 Be6 21.
Rxb7 Qxa2 22. Be4 Qc4 23. Be3 Reb8 24. Bxc6 Rxb7 25. Bxb7 Rd8 26. Rc1 Qb3 27.
Be4 a5 28. c6 Ba3 29. Rb1 Qc4 30. Bg5 f6 31. Qxa3 fxg5 32. Qe7 Rf8 33. c7 Qa2
34. Rf1 h6 35. Bh7+ 1-0

[Event "North America-ch U20"]
[Site "Mexico City MEX"]
[Date "2022.12.06"]
[Round "9.3"]
[White "Rodrigue-Lemieux, Shawn"]
[Black "Avila Rodriguez, Joshua Ad"]
[Result "1/2-1/2"]
[WhiteElo "2463"]
[BlackElo "2230"]
[PlyCount "74"]
[EventDate "2022.12.02"]
[EventType "swiss"]
[EventRounds "9"]
[EventCountry "MEX"]
[Source "Mark Crowther"]
[SourceDate "2022.12.12"]

1. a3 e5 2. c3 d5 3. d4 exd4 4. cxd4 Nf6 5. Nc3 c6 6. Bg5 h6 7. Bh4 Bd6 8. e3
Bf5 9. Bd3 Bxd3 10. Qxd3 Nbd7 11. Nge2 O-O 12. O-O Qb8 13. Bg3 Re8 14. f3 c5
15. Rad1 cxd4 16. Qxd4 Bxg3 17. Nxg3 Qe5 18. Kf2 Nb6 19. Qxe5 Rxe5 20. b3 Rae8
21. Rfe1 a6 22. h3 g6 23. Rd4 R5e6 24. a4 Rc6 25. Nge2 Rc5 26. b4 Rc6 27. a5
Nc4 28. Nxd5 Nxd5 29. Rxd5 Rxe3 30. Nd4 Rxe1 31. Kxe1 Rd6 32. Rxd6 Nxd6 33. Kd2
Kg7 34. Kd3 Kf6 35. f4 h5 36. Ne2 Kf5 37. Kd4 h4 1/2-1/2

[Event "North American Youth U20"]
[Site "Mexico City MEX"]
[Date "2022.12.02"]
[Round "1.1"]
[White "Rodrigue-Lemieux, Shawn"]
[Black "Sandoval Fernandez, Dante"]
[Result "1-0"]
[WhiteElo "2463"]
[BlackElo "1974"]
[PlyCount "65"]
[EventDate "2022.12.02"]
[EventType "swiss"]
[EventRounds "9"]
[EventCountry "MEX"]
[Source "Mark Crowther"]
[SourceDate "2022.12.05"]

1. e4 c6 2. Nf3 d5 3. d3 Bg4 4. h3 Bxf3 5. Qxf3 e6 6. g4 Nd7 7. c3 Ngf6 8. g5
dxe4 9. dxe4 Ne5 10. Qg3 Nfd7 11. h4 Bd6 12. h5 Nc4 13. f4 Ncb6 14. Be3 Bc5 15.
Nd2 Qe7 16. Nb3 Na4 17. Rh2 O-O-O 18. O-O-O Bxe3+ 19. Qxe3 e5 20. Bh3 Kb8 21.
Bxd7 Rxd7 22. Rxd7 Qxd7 23. fxe5 Re8 24. Qd4 Qxd4 25. cxd4 c5 26. Rf2 Re7 27.
d5 c4 28. d6 Rxe5 29. Rxf7 a6 30. Rf8+ Ka7 31. d7 cxb3 32. axb3 Rc5+ 33. Kb1
1-0

[Event "North American Youth U20"]
[Site "Mexico City MEX"]
[Date "2022.12.02"]
[Round "2.1"]
[White "Tolentino, Patrick Angelo"]
[Black "Rodrigue-Lemieux, Shawn"]
[Result "1/2-1/2"]
[WhiteElo "2036"]
[BlackElo "2463"]
[PlyCount "103"]
[EventDate "2022.12.02"]
[EventType "swiss"]
[EventRounds "9"]
[EventCountry "MEX"]
[Source "Mark Crowther"]
[SourceDate "2022.12.05"]

1. e4 e5 2. Nf3 Nc6 3. Bb5 a6 4. Ba4 d6 5. c3 Bd7 6. O-O g6 7. h3 Bg7 8. d4 Nf6
9. Re1 O-O 10. Nbd2 exd4 11. cxd4 Nb4 12. Bxd7 Qxd7 13. Nb1 c5 14. a3 Nc6 15.
d5 Na5 16. Bd2 Nc4 17. Bc3 b5 18. b3 Nb6 19. Nbd2 Rfe8 20. Qc2 Qd8 21. Rac1
Nfd7 22. Bxg7 Kxg7 23. g3 Qf6 24. Kg2 Rac8 25. Qd3 c4 26. bxc4 bxc4 27. Qc3 Nc5
28. Qxf6+ Kxf6 29. Re3 Nca4 30. Nb1 Rc5 31. Nfd2 Ke7 32. Nc3 Rec8 33. Ndb1 Nb2
34. Rc2 Nd3 35. Kf1 Kd7 36. Ne2 f5 37. f3 fxe4 38. fxe4 Rf8+ 39. Kg1 Rb5 40.
Nd2 Ne5 41. Nd4 Ra5 42. N4f3 Nxf3+ 43. Nxf3 Rb5 44. Nd2 Ke7 45. Kg2 a5 46. Rec3
Rc8 47. Kf2 Na4 48. Rxc4 Rxc4 49. Rxc4 Nc5 50. Rc2 a4 51. Ke3 Kd7 52. Ra2
1/2-1/2

[Event "North American Youth U20"]
[Site "Mexico City MEX"]
[Date "2022.12.03"]
[Round "3.4"]
[White "Rodrigue-Lemieux, Shawn"]
[Black "Hernandez Luna, Jose Angel"]
[Result "1-0"]
[WhiteElo "2463"]
[BlackElo "1986"]
[PlyCount "61"]
[EventDate "2022.12.02"]
[EventType "swiss"]
[EventRounds "9"]
[EventCountry "MEX"]
[Source "Mark Crowther"]
[SourceDate "2022.12.05"]

1. a3 d5 2. Nf3 Nf6 3. d4 e6 4. c4 c6 5. Qc2 Be7 6. Nbd2 Nbd7 7. e4 dxe4 8.
Nxe4 Nxe4 9. Qxe4 Nf6 10. Qc2 O-O 11. Bd3 b6 12. Bf4 c5 13. dxc5 bxc5 14. O-O-O
Qb6 15. Ne5 Bd6 16. g4 Qc7 17. Rhe1 h6 18. h4 Rd8 19. g5 hxg5 20. hxg5 Ng4 21.
Bh7+ Kf8 22. Rxd6 Rxd6 23. Nxg4 Rd1+ 24. Rxd1 Qxf4+ 25. Qd2 Qxd2+ 26. Rxd2 g6
27. Rd8+ Ke7 28. Rg8 Bb7 29. Rxa8 Bxa8 30. Bg8 Kf8 31. Nh6 1-0

[Event "North American Youth U20"]
[Site "Mexico City MEX"]
[Date "2022.12.03"]
[Round "4.2"]
[White "Francisco Cruz, Yahir Alberto"]
[Black "Rodrigue-Lemieux, Shawn"]
[Result "0-1"]
[WhiteElo "2056"]
[BlackElo "2463"]
[PlyCount "98"]
[EventDate "2022.12.02"]
[EventType "swiss"]
[EventRounds "9"]
[EventCountry "MEX"]
[Source "Mark Crowther"]
[SourceDate "2022.12.05"]

1. e4 c6 2. d4 d5 3. e5 Bf5 4. Nc3 e6 5. g4 Bg6 6. Nge2 c5 7. h4 h5 8. Nf4 Bh7
9. Nxh5 Nc6 10. Be3 cxd4 11. Bxd4 Bxc2 12. Qxc2 Nxd4 13. Qa4+ Nc6 14. Bb5 Nge7
15. O-O-O Qb6 16. Kb1 O-O-O 17. f4 a6 18. Bd3 Kb8 19. Ne2 Nc8 20. Nhg3 Qe3 21.
a3 Nb6 22. Qc2 Na5 23. Qc3 Nac4 24. Bxc4 Qxc3 25. Nxc3 Nxc4 26. Nge2 Bc5 27.
Ka2 Be3 28. b3 Nd2 29. Rh3 d4 30. Nxd4 Rxd4 31. Rxe3 Rxh4 32. Re2 Nf3 33. Rxd4
Nxd4 34. Rd2 Nf3 35. Rd7 Rxg4 36. Rxf7 Rg2+ 37. Kb1 Nd4 38. Ne4 Nxb3 39. Nd6 b5
40. f5 Nc5 41. f6 gxf6 42. exf6 Rf2 43. Ne8 Kc8 44. Ng7 e5 45. Re7 Rxf6 46.
Rxe5 Na4 47. Re7 Rf3 48. Ka2 Rf2+ 49. Kb3 Rb2# 0-1

[Event "North American Youth U20"]
[Site "Mexico City MEX"]
[Date "2022.12.04"]
[Round "5.1"]
[White "Rodrigue-Lemieux, Shawn"]
[Black "Garcia de Dios, Jose Antonio"]
[Result "1-0"]
[WhiteElo "2463"]
[BlackElo "2103"]
[PlyCount "145"]
[EventDate "2022.12.02"]
[EventType "swiss"]
[EventRounds "9"]
[EventCountry "MEX"]
[Source "Mark Crowther"]
[SourceDate "2022.12.05"]

1. c4 b6 2. Nc3 Bb7 3. e4 Nf6 4. e5 Ne4 5. Qg4 Nxc3 6. dxc3 Nc6 7. Nf3 h5 8.
Qg3 h4 9. Qg4 h3 10. gxh3 Qc8 11. Rg1 d6 12. Bf4 Qxg4 13. hxg4 Nd8 14. Bg2 g6
15. O-O-O Bg7 16. Bg3 Bh6+ 17. Nd2 Bxg2 18. Rxg2 Ne6 19. Kc2 Nf4 20. Bxf4 Bxf4
21. exd6 Bxd6 22. Nf3 Rh3 23. Ng5 Rh8 24. Rh1 Bf4 25. Nf3 Rh3 26. Ng1 Rh4 27.
h3 g5 28. Nf3 Rh7 29. h4 gxh4 30. Rxh4 Rxh4 31. Nxh4 O-O-O 32. Nf3 Rh8 33. Ne1
Rh1 34. Nd3 Bd6 35. f4 e6 36. Kd2 Kd7 37. Ke2 a5 38. b4 Ra1 39. Ke3 axb4 40.
cxb4 Kc6 41. Rc2 Kd7 42. c5 bxc5 43. bxc5 Be7 44. c6+ Ke8 45. g5 Bd6 46. Kd4
Ke7 47. Kc4 Kd8 48. Rf2 Ke7 49. Rb2 Ba3 50. Re2 Bd6 51. f5 Rg1 52. g6 Rg4+ 53.
Kb3 Rg3 54. Kc2 Kf8 55. fxe6 Rxg6 56. a4 fxe6 57. a5 Ke7 58. a6 Rg8 59. Kc3 Ra8
60. Ra2 Bg3 61. Kc4 Bd6 62. a7 Bg3 63. Kb5 Kd6 64. Nc5 Bf4 65. Ra3 Bh2 66. Ne4+
Ke5 67. Nd2 Kf6 68. Ka6 Bg1 69. Kb7 Rxa7+ 70. Rxa7 Bxa7 71. Kxa7 Ke7 72. Kb7
Kd8 73. Nf3 1-0

[Event "North American Youth U20"]
[Site "Mexico City MEX"]
[Date "2022.12.04"]
[Round "6.1"]
[White "Hua, Eugene"]
[Black "Rodrigue-Lemieux, Shawn"]
[Result "0-1"]
[WhiteElo "2264"]
[BlackElo "2463"]
[PlyCount "112"]
[EventDate "2022.12.02"]
[EventType "swiss"]
[EventRounds "9"]
[EventCountry "MEX"]
[Source "Mark Crowther"]
[SourceDate "2022.12.05"]

1. e4 c6 2. d4 d5 3. e5 Bf5 4. Nf3 e6 5. Be2 Ne7 6. O-O c5 7. c4 Nbc6 8. dxc5
d4 9. Bd3 Ng6 10. Bxf5 exf5 11. b4 Nxb4 12. Nxd4 Bxc5 13. Qa4+ Qd7 14. Qxd7+
Kxd7 15. Nb3 Rhc8 16. Ba3 Be7 17. Nc3 Ke8 18. Bxb4 Bxb4 19. Nd5 Ba3 20. Rad1
Kf8 21. Rfe1 Rxc4 22. Nd4 Bb2 23. Nxf5 Bxe5 24. Nde3 Ra4 25. Re2 Nf4 26. Red2
Ne6 27. Rd7 Rxa2 28. Nc4 Bc7 29. g3 Rd8 30. Rxd8+ Nxd8 31. Nd4 Ra4 32. Rc1 a6
33. Nf3 Ne6 34. Ne3 Ra5 35. Rd1 Rc5 36. Nd2 a5 37. Ne4 Rc6 38. Rb1 b6 39. Kg2
Be5 40. Nd5 f5 41. Nd2 Rd6 42. Nc4 Rxd5 43. Nxb6 Rd2 44. Re1 Bd4 45. Rxe6 Rxf2+
46. Kh3 Rc2 47. Nd7+ Kf7 48. Re1 g5 49. g4 h5 50. Ne5+ Kg8 51. gxf5 a4 52. Nd3
Rc3 53. Rd1 a3 54. Rd2 Be3 55. Rd1 a2 56. Ra1 Ra3 0-1

[Event "Wch-U18"]
[Site "Mamaia ROM"]
[Date "2022.09.06"]
[Round "1.8"]
[White "Rodrigue-Lemieux, Shawn"]
[Black "Meskenas, Paulius"]
[Result "1-0"]
[WhiteElo "2451"]
[BlackElo "2139"]
[PlyCount "109"]
[EventDate "2022.09.06"]
[EventType "swiss"]
[EventRounds "11"]
[EventCountry "ROM"]
[Source "ChessMix"]
[SourceDate "2022.09.20"]

1. c4 {[%emt 0:00:02]} c5 {[%emt 0:00:35]} 2. g3 {[%emt 0:00:07]} g6 {
[%emt 0:00:13]} 3. Bg2 {[%emt 0:00:05]} Bg7 {[%emt 0:00:04]} 4. Nc3 {
[%emt 0:00:08]} Nc6 {[%emt 0:03:36]} 5. Nf3 {[%emt 0:00:05]} Nf6 {
[%emt 0:00:04]} 6. d4 {[%emt 0:00:11]} cxd4 {[%emt 0:00:39]} 7. Nxd4 {
[%emt 0:00:04]} O-O {[%emt 0:00:07]} 8. O-O {[%emt 0:00:06]} a6 {[%emt 0:10:34]
} 9. Nc2 {[%emt 0:15:58]} Qa5 {[%emt 0:03:02]} 10. e4 {[%emt 0:09:31]} d6 {
[%emt 0:02:27]} 11. Nd5 {[%emt 0:06:08]} Nxd5 {[%emt 0:07:54]} 12. cxd5 {
[%emt 0:11:05]} Ne5 {[%emt 0:02:19]} 13. Ne3 {[%emt 0:10:31]} b5 {
[%emt 0:11:02]} 14. Bd2 {[%emt 0:03:00]} Qb6 {[%emt 0:01:50]} 15. Bc3 {
[%emt 0:20:17]} Bd7 {[%emt 0:00:40]} 16. Qd2 {[%emt 0:01:15]} Rfc8 {
[%emt 0:00:39]} 17. Rac1 {[%emt 0:06:10]} a5 {[%emt 0:01:22]} 18. Rfd1 {
[%emt 0:02:00]} Nc4 {[%emt 0:06:33]} 19. Nxc4 {[%emt 0:00:16]} bxc4 {
[%emt 0:00:06]} 20. Bxg7 {[%emt 0:00:42]} Kxg7 {[%emt 0:00:09]} 21. Bf1 {
[%emt 0:01:12]} Bb5 {[%emt 0:04:14]} 22. Rc3 {[%emt 0:01:08]} Rc5 {
[%emt 0:03:36]} 23. Qd4+ {[%emt 0:00:26]} Kg8 {[%emt 0:00:01]} 24. Bxc4 {
[%emt 0:01:14]} Bxc4 {[%emt 0:00:23]} 25. Rxc4 {[%emt 0:00:02]} Rac8 {
[%emt 0:00:11]} 26. Rxc5 {[%emt 0:01:53]} Rxc5 {[%emt 0:00:11]} 27. e5 {
[%emt 0:02:51]} Qb5 {[%emt 0:02:19]} 28. exd6 {[%emt 0:01:29]} exd6 {
[%emt 0:00:02]} 29. Qd2 {[%emt 0:02:43]} Qc4 {[%emt 0:02:02]} 30. b3 {
[%emt 0:00:25]} Qc2 {[%emt 0:02:04]} 31. Qd4 {[%emt 0:01:47]} Qe2 {
[%emt 0:00:07]} 32. h4 {[%emt 0:00:36]} Rc2 {[%emt 0:00:30]} 33. a3 {
[%emt 0:02:06]} h5 {[%emt 0:00:10]} 34. Rf1 {[%emt 0:00:51]} Rd2 {
[%emt 0:00:05]} 35. Qa7 {[%emt 0:00:17]} Rd1 {[%emt 0:00:29]} 36. Qa8+ {
[%emt 0:00:28]} Kg7 {[%emt 0:00:50]} 37. Rxd1 {[%emt 0:00:03]} Qxd1+ {
[%emt 0:00:06]} 38. Kg2 {[%emt 0:00:05]} Qe1 {[%emt 0:00:28]} 39. Qc6 {
[%emt 0:00:29]} Qe4+ {[%emt 0:01:00]} 40. Kh2 Qd4 {[%emt 0:00:57]} 41. Kg2 {
[%emt 0:00:36]} Qe4+ {[%emt 0:00:06]} 42. Kh2 {[%emt 0:00:06]} Qd4 {
[%emt 0:00:09]} 43. Qc2 {[%emt 0:00:54]} Qxd5 {[%emt 0:00:07]} 44. Qb2+ {
[%emt 0:00:07]} Kg8 {[%emt 0:00:07]} 45. b4 {[%emt 0:01:23]} Qb5 {
[%emt 0:01:03]} 46. Qd4 {[%emt 0:00:40]} axb4 {[%emt 0:03:21]} 47. Qxb4 {
[%emt 0:00:02]} Qe5 {[%emt 0:03:58]} 48. a4 {[%emt 0:00:07]} d5 {[%emt 0:00:02]
} 49. a5 {[%emt 0:00:18]} d4 {[%emt 0:00:05]} 50. a6 {[%emt 0:02:01]} Qe2 {
[%emt 0:00:23]} 51. Qb7 {[%emt 0:00:18]} d3 {[%emt 0:00:31]} 52. a7 {
[%emt 0:00:52]} Qxf2+ {[%emt 0:00:05]} 53. Kh3 {[%emt 0:00:04]} d2 {
[%emt 0:03:21]} 54. a8=Q+ {[%emt 0:00:08]} Kh7 {[%emt 0:00:02]} 55. Qf3 {
[%emt 0:00:29]} 1-0

[Event "Wch-U18"]
[Site "Mamaia ROM"]
[Date "2022.09.07"]
[Round "2.6"]
[White "Stepanencu, Nicodim-Cosmin"]
[Black "Rodrigue-Lemieux, Shawn"]
[Result "0-1"]
[WhiteElo "2289"]
[BlackElo "2451"]
[PlyCount "106"]
[EventDate "2022.09.06"]
[EventType "swiss"]
[EventRounds "11"]
[EventCountry "ROM"]
[Source "ChessMix"]
[SourceDate "2022.09.20"]

1. d4 {[%emt 0:00:02]} Nf6 {[%emt 0:00:05]} 2. c4 {[%emt 0:00:10]} e6 {
[%emt 0:00:03]} 3. Nc3 {[%emt 0:00:04]} Bb4 {[%emt 0:00:09]} 4. e3 {
[%emt 0:00:06]} O-O {[%emt 0:00:09]} 5. Bd3 {[%emt 0:00:07]} d5 {[%emt 0:00:10]
} 6. Nf3 {[%emt 0:00:06]} c5 {[%emt 0:00:11]} 7. O-O {[%emt 0:00:07]} cxd4 {
[%emt 0:00:25]} 8. exd4 {[%emt 0:00:01]} dxc4 {[%emt 0:00:11]} 9. Bxc4 {
[%emt 0:00:02]} b6 {[%emt 0:00:04]} 10. Bd3 {[%emt 0:00:33]} Bb7 {
[%emt 0:01:08]} 11. a3 {[%emt 0:00:08]} Bxc3 {[%emt 0:05:47]} 12. bxc3 {
[%emt 0:00:07]} Nc6 {[%emt 0:00:05]} 13. Re1 {[%emt 0:04:13]} Rc8 {
[%emt 0:01:51]} 14. Bb2 {[%emt 0:11:39]} Na5 {[%emt 0:20:45]} 15. Ne5 {
[%emt 0:28:18]} Qd5 {[%emt 0:01:33]} 16. Bf1 {[%emt 0:02:56]} Qb3 {
[%emt 0:04:35]} 17. Qxb3 {[%emt 0:15:59]} Nxb3 {[%emt 0:00:03]} 18. Rad1 {
[%emt 0:00:06]} Rc7 {[%emt 0:15:05]} 19. f3 {[%emt 0:07:20]} Rfc8 {
[%emt 0:03:01]} 20. c4 {[%emt 0:07:30]} Ne8 {[%emt 0:10:09]} 21. Re3 {
[%emt 0:03:43]} Na5 {[%emt 0:01:57]} 22. Bc3 {[%emt 0:01:38]} Nxc4 {
[%emt 0:09:08]} 23. Bxc4 {[%emt 0:01:51]} Nd6 {[%emt 0:00:09]} 24. d5 {
[%emt 0:00:09]} Nxc4 {[%emt 0:02:06]} 25. Nxc4 {[%emt 0:00:06]} Bxd5 {
[%emt 0:00:51]} 26. Nxb6 {[%emt 0:04:15]} axb6 {[%emt 0:00:02]} 27. Bb4 {
[%emt 0:04:05]} h6 {[%emt 0:02:10]} 28. Kf2 {[%emt 0:01:22]} Rc2+ {
[%emt 0:00:20]} 29. Re2 {[%emt 0:01:13]} R2c4 {[%emt 0:00:10]} 30. Ke3 {
[%emt 0:00:57]} g5 {[%emt 0:00:56]} 31. Rd4 {[%emt 0:01:22]} R4c6 {
[%emt 0:00:29]} 32. h4 {[%emt 0:00:16]} f6 {[%emt 0:01:09]} 33. hxg5 {
[%emt 0:02:27]} hxg5 {[%emt 0:00:02]} 34. Red2 {[%emt 0:03:28]} Kf7 {
[%emt 0:00:33]} 35. f4 {[%emt 0:01:14]} gxf4+ {[%emt 0:00:30]} 36. Rxf4 {
[%emt 0:00:01]} Rg8 {[%emt 0:02:55]} 37. Rff2 {[%emt 0:00:59]} Rg3+ {
[%emt 0:00:40]} 38. Kf4 {[%emt 0:00:02]} Rg5 {[%emt 0:01:08]} 39. Rde2 {
[%emt 0:01:00]} Rc4+ {[%emt 0:00:47]} 40. Ke3 {[%emt 0:00:08]} Rgg4 {
[%emt 0:03:54]} 41. Rc2 {[%emt 0:00:53]} Rg3+ {[%emt 0:00:21]} 42. Kd2 {
[%emt 0:00:06]} Rxc2+ {[%emt 0:00:31]} 43. Kxc2 {[%emt 0:00:01]} Rxg2 {
[%emt 0:00:26]} 44. Rxg2 {[%emt 0:00:05]} Bxg2 {[%emt 0:00:02]} 45. a4 {
[%emt 0:01:25]} e5 {[%emt 0:01:25]} 46. a5 {[%emt 0:00:55]} b5 {[%emt 0:00:02]}
47. Bd2 {[%emt 0:00:30]} Ke6 {[%emt 0:00:22]} 48. Kc3 {[%emt 0:00:12]} Bc6 {
[%emt 0:00:59]} 49. Kb4 {[%emt 0:00:31]} Kd5 {[%emt 0:00:02]} 50. a6 {
[%emt 0:00:31]} f5 {[%emt 0:00:05]} 51. Bh6 {[%emt 0:00:47]} f4 {[%emt 0:00:16]
} 52. Kc3 {[%emt 0:00:14]} Ke4 {[%emt 0:00:25]} 53. Bg7 {[%emt 0:00:19]} b4+ {
[%emt 0:00:23]} 0-1